| 000 | 00619nam a22001937a 4500 | ||
|---|---|---|---|
| 999 |
_c8549 _d8549 |
||
| 003 | AR-CdUCM | ||
| 008 | 190325b ||||| |||| 00| 0 spa d | ||
| 040 |
_aMUNICIPALIDAD PROVINCIAL DEL CUSCO _cBIBLIOTECA MUNICIPAL DEL CUSCO |
||
| 082 |
_a801 / _bOS81 |
||
| 100 |
_aOsorio T., Juan Alberto _923949 |
||
| 245 | _aAnálisis de un texto narrativo / | ||
| 260 |
_aAyacucho : _bUniversidad nacional de San Cristobal de Huamanga, _c1979. |
||
| 300 |
_a34 hojas ; _c27 cm. |
||
| 500 | _aDonación familia Nieto. | ||
| 650 |
_aAnalisis literario _9714 |
||
| 650 |
_aLietratura _923950 |
||
| 942 |
_2ddc _cLIBROS |
||
| 945 | _azta | ||